| 000 | 00369nam a22001457a 4500 | ||
|---|---|---|---|
| 003 | MACL | ||
| 005 | 20190620150040.0 | ||
| 008 | 190620b xxu||||| |||| 00| 0 eng d | ||
| 040 | _cMACL | ||
| 100 |
_aGarg , Rajesh _975396 |
||
| 245 | _aAyurveda : The Science of Self Healing | ||
| 260 |
_aDelhi _bPustak Pitara _c2018 |
||
| 650 |
_aMedical _975397 |
||
| 942 |
_2ddc _cBK |
||
| 999 |
_c60155 _d60155 |
||